000 01061nam a22002297a 4500
999 _c21972
_d21972
003 AR-CdUCM
008 190425b ||||| |||| 00| 0 spa d
040 _aMUNICIPALIDAD PROVINCIAL DEL CUSCO
_cBIBLIOTECA MUNICIPAL DEL CUSCO
082 _aEleconom/N°8/1993
110 _aUniversidad Nacional de San Antonio Abad del Cusco
_915942
245 _aEl Economista /
_cDirección del Programa Académico de Economía
260 _aCusco :
_bDirección del Programa Académico de Economía,
_c1993.
300 _a17 hojas. :
_c29 cm.
440 _aEl Economista.
_nNúmero 8, año 1993
_947023
505 _aContenido: Pulso económico, PBI-RIN-Inflación, efectos de la inflación, devaluación, tipo de cambio, déficit fiscal. -- Sombras de la regionalización. Luis Alberto Paliza Gallegos. -- Constitución liberalista. por Luis Alberto Paliza Gallegos.
650 _aEconomía
_9382
650 _aRegionalizacion
_93473
650 _aConstitución liberalista
_947024
700 _aPaliza Gallegos, Luis Alberto
_923827
942 _2ddc
_cPP
945 _avhl